VALUE CLASSIFICATION, DESCRIPTION,INCULCATION AND VALUE EDUCATION/ (Record no. 199756)

MARC details
000 -LEADER
fixed length control field 00782nam a22002177a 4500
005 - DATE AND TIME OF LATEST TRANSACTION
control field 20231221125231.0
010 ## - LCCN (DPL NO)
LC control number ENG-138689
020 ## - INTERNATIONAL STANDARD BOOK NUMBER
Terms of availability 450.00
International Standard Book Number 9789390897919
035 ## - SYSTEM CONTROL NUMBER
System control number EN-122221
037 ## - SOURCE OF ACQUISITION
Source of stock number/acquisition DBAD/PUB
082 ## - DEWEY DECIMAL CLASSIFICATION NUMBER
Classification number 370.114
Edition number 1
100 ## - MAIN ENTRY--PERSONAL NAME
Personal name Venkataiah,N.
245 ## - TITLE STATEMENT
Title VALUE CLASSIFICATION, DESCRIPTION,INCULCATION AND VALUE EDUCATION/
Remainder of title By N. Venkataiah; C. Jangaiah & G. Viswanathappa
250 ## - EDITION STATEMENT
Edition statement 1
260 ## - PUBLICATION, DISTRIBUTION, ETC. (IMPRINT)
Place of publication, distribution, etc New Delhi
Name of publisher, distributor, etc Neelkamal Publications
Date of publication, distribution, etc 2022
270 ## - ADDRESS
Address 4764/1, 23, Ansari Road, Daryaganj
City New Delhi
Postal code 110002
Telephone number 011-23244237
-- 98118-28953
Electronic mail address neelkamalbooks@gmail.com
300 ## - PHYSICAL DESCRIPTION
Extent 128p.
Dimensions 27cm(hbk)
700 ## - ADDED ENTRY--PERSONAL NAME
Personal name Jangaiah,C.
Relator term Author
9 (RLIN) 60069
700 ## - ADDED ENTRY--PERSONAL NAME
Personal name Viswanathappa,G.
Relator term Author
9 (RLIN) 60105
942 ## - ADDED ENTRY ELEMENTS (KOHA)
Source of classification or shelving scheme Dewey Decimal Classification
Item type English Books
Classification part 370.114
Call number suffix VEN
Edition 1
Holdings
Withdrawn status Lost status Not for loan Collection code Home library Current library Date acquired Source of acquisition Cost, normal purchase price Full call number Barcode Copy number Cost, replacement price Koha item type
      Non-fiction Ashok Vihar Ashok Vihar 21/12/2023 DBAD 450.00 370.114 VEN EN-122221 1 450.00 English Books

© Delhi Public Library
Hit Counter
free hit counter